El principio de precaucin̤ y su aplicabilidad en la temt̀ica de aguas de lastre en Colombia

Detalles Bibliográficos
Autor principal: Muelle Molinares, Ana Mara̕
Formato: eBook
Lenguaje:español
Publicado: Bogot ̀: Universidad Sergio Arboleda, 2012
Materias:
Acceso en línea:http://www.vlex.com/source/10933

MARC

LEADER 00000nam a22000007a 4500
005 20130425182628.0
007 cr|||| ||||
008 130425e2012 ck |||||s|||| 00||0 spa d
020 |a 978-958-8745-41-1 
035 |a 10933 
040 |a vLex 
090 |c 4176  |d 4176 
100 1 0 |a Muelle Molinares, Ana Mara̕ 
245 1 3 |a El principio de precaucin̤ y su aplicabilidad en la temt̀ica de aguas de lastre en Colombia  |c / Ana Mara̕ Muelle Molinares   |h [Recurso electrn̤ico] 
256 |a Servicio en ln̕ea 
260 |a Bogot ̀:  |b Universidad Sergio Arboleda,   |c 2012 
300 |a 1 Recurso electrn̤ico 
506 |d vLex Global  |d vLex Global (Academic Edition, excluding Law Schools)  |d vLex Global (U.S. Academic Edition, Law Schools)  |d vLex Global (U.S. Academic Edition, excluding Law Schools)  |d vLex Global (Academic Edition, Law Schools) 
650 4 |a Derecho del medio ambiente  |z Colombia 
650 4 |a Transporte mart̕imo  |z Colombia 
740 |a vLex Libros (Servicio en ln̕ea) 
856 |a Acceso restringido  |u http://www.vlex.com/source/10933 
942 |c BOOK 
999 0 |a Environmental law